Văn miền Trung thế kỉ 20; T2

Đã lưu trong:
書目詳細資料
格式: 圖書
語言:Undetermined
出版: Đà Nẵng Nxb. Đà Nẵng 1998
主題:
標簽: 添加標簽
沒有標簽, 成為第一個標記此記錄!
Thư viện lưu trữ: Trung tâm Học liệu Trường Đại học Cần Thơ
LEADER 00447nam a2200145Ia 4500
001 CTU_27488
008 210402s9999 xx 000 0 und d
082 |a 895.922334 
082 |b V115/T2 
245 0 |a Văn miền Trung thế kỉ 20; T2 
260 |a Đà Nẵng 
260 |b Nxb. Đà Nẵng 
260 |c 1998 
650 |a vietnamese literature - 20th century - collections 
980 |a Trung tâm Học liệu Trường Đại học Cần Thơ